<?xml version="1.0" encoding="UTF-8"?>
<record
    xmlns:xsi="http://www.w3.org/2001/XMLSchema-instance"
    xsi:schemaLocation="http://www.loc.gov/MARC21/slim http://www.loc.gov/standards/marcxml/schema/MARC21slim.xsd"
    xmlns="http://www.loc.gov/MARC21/slim">

  <leader>00746cam a22002415a 4500</leader>
  <controlfield tag="001">15253745</controlfield>
  <controlfield tag="005">20161009153122.0</controlfield>
  <controlfield tag="008">080409s2008    enka   frb    001 0 eng d</controlfield>
  <datafield tag="020" ind1=" " ind2=" ">
    <subfield code="a">1844074544</subfield>
  </datafield>
  <datafield tag="020" ind1=" " ind2=" ">
    <subfield code="a">9781844074549</subfield>
  </datafield>
  <datafield tag="040" ind1=" " ind2=" ">
    <subfield code="a">EG-ScBUE</subfield>
    <subfield code="b">eng</subfield>
    <subfield code="c">EG-ScBUE</subfield>
    <subfield code="d">EG-ScBUE</subfield>
  </datafield>
  <datafield tag="082" ind1="0" ind2="4">
    <subfield code="a">338.927</subfield>
    <subfield code="2">22</subfield>
    <subfield code="b">BLE</subfield>
  </datafield>
  <datafield tag="100" ind1="1" ind2=" ">
    <subfield code="a">Blewitt, John,</subfield>
    <subfield code="d">1957-</subfield>
    <subfield code="9">32912</subfield>
  </datafield>
  <datafield tag="245" ind1="1" ind2="0">
    <subfield code="a">Understanding sustainable development /</subfield>
    <subfield code="c">John Blewitt.</subfield>
  </datafield>
  <datafield tag="260" ind1=" " ind2=" ">
    <subfield code="a">London ;</subfield>
    <subfield code="a">Sterling :</subfield>
    <subfield code="b">Earthscan,</subfield>
    <subfield code="c">2008.</subfield>
  </datafield>
  <datafield tag="300" ind1=" " ind2=" ">
    <subfield code="a">xvi, 288 p. :</subfield>
    <subfield code="b">ill. ;</subfield>
    <subfield code="c">25 cm.</subfield>
  </datafield>
  <datafield tag="500" ind1=" " ind2=" ">
    <subfield code="a">Index : p. [279]-288.</subfield>
  </datafield>
  <datafield tag="504" ind1=" " ind2=" ">
    <subfield code="a">Bibliography : p. [251]-271.</subfield>
  </datafield>
  <datafield tag="650" ind1=" " ind2="7">
    <subfield code="a">Sustainable development.</subfield>
    <subfield code="9">3569</subfield>
    <subfield code="2">BUEsh</subfield>
  </datafield>
  <datafield tag="651" ind1=" " ind2=" ">
    <subfield code="2">BUEsh</subfield>
  </datafield>
  <datafield tag="653" ind1=" " ind2=" ">
    <subfield code="b">BUSADM</subfield>
    <subfield code="c">March2013</subfield>
    <subfield code="c">October2016</subfield>
  </datafield>
  <datafield tag="942" ind1=" " ind2=" ">
    <subfield code="2">ddc</subfield>
    <subfield code="c">BB</subfield>
  </datafield>
  <datafield tag="999" ind1=" " ind2=" ">
    <subfield code="c">17382</subfield>
    <subfield code="d">17354</subfield>
  </datafield>
  <datafield tag="952" ind1=" " ind2=" ">
    <subfield code="0">0</subfield>
    <subfield code="1">0</subfield>
    <subfield code="2">ddc</subfield>
    <subfield code="4">0</subfield>
    <subfield code="7">0</subfield>
    <subfield code="8">Baccah</subfield>
    <subfield code="a">MAIN</subfield>
    <subfield code="b">MAIN</subfield>
    <subfield code="c">1ST</subfield>
    <subfield code="d">2013-03-20</subfield>
    <subfield code="e">purchase</subfield>
    <subfield code="l">0</subfield>
    <subfield code="o">338.927 BLE</subfield>
    <subfield code="p">000028559</subfield>
    <subfield code="r">2025-07-15 00:00:00</subfield>
    <subfield code="y">NB</subfield>
  </datafield>
  <datafield tag="952" ind1=" " ind2=" ">
    <subfield code="0">0</subfield>
    <subfield code="1">0</subfield>
    <subfield code="2">ddc</subfield>
    <subfield code="4">0</subfield>
    <subfield code="7">0</subfield>
    <subfield code="8">Baccah</subfield>
    <subfield code="a">MAIN</subfield>
    <subfield code="b">MAIN</subfield>
    <subfield code="c">1ST</subfield>
    <subfield code="d">2013-03-20</subfield>
    <subfield code="e">purchase</subfield>
    <subfield code="l">2</subfield>
    <subfield code="m">4</subfield>
    <subfield code="o">338.927 BLE</subfield>
    <subfield code="p">000028560</subfield>
    <subfield code="r">2025-07-15 00:00:00</subfield>
    <subfield code="s">2014-09-10</subfield>
    <subfield code="y">BB</subfield>
  </datafield>
  <datafield tag="952" ind1=" " ind2=" ">
    <subfield code="0">0</subfield>
    <subfield code="1">0</subfield>
    <subfield code="2">ddc</subfield>
    <subfield code="4">0</subfield>
    <subfield code="7">0</subfield>
    <subfield code="8">Baccah</subfield>
    <subfield code="a">MAIN</subfield>
    <subfield code="b">MAIN</subfield>
    <subfield code="c">1ST</subfield>
    <subfield code="d">2013-03-20</subfield>
    <subfield code="e">purchase</subfield>
    <subfield code="l">4</subfield>
    <subfield code="m">30</subfield>
    <subfield code="o">338.927 BLE</subfield>
    <subfield code="p">000028561</subfield>
    <subfield code="r">2025-07-15 00:00:00</subfield>
    <subfield code="s">2017-09-27</subfield>
    <subfield code="y">BB</subfield>
  </datafield>
  <datafield tag="952" ind1=" " ind2=" ">
    <subfield code="0">0</subfield>
    <subfield code="1">0</subfield>
    <subfield code="2">ddc</subfield>
    <subfield code="4">0</subfield>
    <subfield code="7">0</subfield>
    <subfield code="8">Baccah</subfield>
    <subfield code="a">MAIN</subfield>
    <subfield code="b">MAIN</subfield>
    <subfield code="c">1ST</subfield>
    <subfield code="d">2013-03-20</subfield>
    <subfield code="e">purchase</subfield>
    <subfield code="l">4</subfield>
    <subfield code="m">20</subfield>
    <subfield code="o">338.927 BLE</subfield>
    <subfield code="p">000028562</subfield>
    <subfield code="r">2025-07-15 00:00:00</subfield>
    <subfield code="s">2018-09-26</subfield>
    <subfield code="y">BB</subfield>
  </datafield>
  <datafield tag="952" ind1=" " ind2=" ">
    <subfield code="0">0</subfield>
    <subfield code="1">0</subfield>
    <subfield code="2">ddc</subfield>
    <subfield code="4">0</subfield>
    <subfield code="7">0</subfield>
    <subfield code="8">Baccah</subfield>
    <subfield code="a">MAIN</subfield>
    <subfield code="b">MAIN</subfield>
    <subfield code="c">1ST</subfield>
    <subfield code="d">2016-10-09</subfield>
    <subfield code="e">Purchase</subfield>
    <subfield code="g">160.00</subfield>
    <subfield code="l">1</subfield>
    <subfield code="o">338.927 BLE</subfield>
    <subfield code="p">000033902</subfield>
    <subfield code="r">2025-07-15 00:00:00</subfield>
    <subfield code="s">2019-12-17</subfield>
    <subfield code="y">BB</subfield>
  </datafield>
  <datafield tag="952" ind1=" " ind2=" ">
    <subfield code="0">0</subfield>
    <subfield code="1">0</subfield>
    <subfield code="2">ddc</subfield>
    <subfield code="4">0</subfield>
    <subfield code="7">0</subfield>
    <subfield code="8">Baccah</subfield>
    <subfield code="a">MAIN</subfield>
    <subfield code="b">MAIN</subfield>
    <subfield code="c">1ST</subfield>
    <subfield code="d">2016-10-09</subfield>
    <subfield code="e">Purchase</subfield>
    <subfield code="g">160.00</subfield>
    <subfield code="l">1</subfield>
    <subfield code="m">9</subfield>
    <subfield code="o">338.927 BLE</subfield>
    <subfield code="p">000033903</subfield>
    <subfield code="r">2025-07-15 00:00:00</subfield>
    <subfield code="s">2020-11-17</subfield>
    <subfield code="y">BB</subfield>
  </datafield>
</record>
